000 00974cam a2200265 a 4500
001 vtls003227488
003 MY-SjTCS
005 20200226115113.0
008 111206s2010 at a 001 0 eng d
020 _a9781741143904 (pbk.)
020 _a174114390X (pbk.)
039 9 _a201203101104
_bwilmina
_c201202241031
_dmalathy
_y201112061240
_zmasrina
082 0 4 _a613.2088796
_bBUR 2010
100 1 _aBurke, Louise,
_d1959-
_958279
245 1 4 _aThe complete guide to food for sports performance :
_ba guide to peak nutrition for your sport /
_cLouise Burke & Greg Cox.
250 _a3rd ed., Updated and expanded.
260 _aCrows Nest, N.S.W. :
_bAllen & Unwin,
_c2010.
300 _axxii, 522 p. :
_bill. ;
_c24 cm.
500 _aIncludes index.
650 0 _aAthletes
_xNutrition.
_915195
650 0 _aPhysical fitness
_xNutritional aspects.
_921792
650 0 _aExercise
_xPhysiological aspects.
_920877
700 1 _aCox, Greg.
_958280
920 _aPHA : 177502
999 _c143269